NBA 2018-19 Players By Letter - B - Statistics

General Stats
  • This quiz has been taken 63 times
  • The average score is 17 of 58
Answer Stats
Player Pos Tm % Correct
Bradley Beal SG WAS
81%
Lonzo Ball PG LAL
81%
Bruce Brown SG DET
65%
Jaylen Brown SG BOS
65%
Lorenzo Brown PG TOR
65%
Sterling Brown SG MIL
65%
Troy Brown SF WAS
65%
Devin Booker SG PHO
54%
Bojan Bogdanovic SF IND
53%
Harrison Barnes PF DAL
53%
Jimmy Butler SF PHI
53%
Bogdan Bogdanovic SG SAC
51%
Avery Bradley SG LAC
40%
Jalen Brunson PG DAL
40%
Tony Bradley C UTA
40%
Jordan Bell C GSW
39%
Malcolm Brogdon SG MIL
37%
Aron Baynes C BOS
35%
Eric Bledsoe PG MIL
35%
Nicolas Batum SF CHO
35%
Bismack Biyombo C CHO
32%
Dillon Brooks SF MEM
32%
MarShon Brooks SG MEM
32%
Mohamed Bamba C ORL
32%
Thomas Bryant C WAS
30%
J.J. Barea PG DAL
28%
Patrick Beverley PG LAC
28%
Will Barton SG DEN
28%
Marvin Bagley PF SAC
26%
Mikal Bridges SF PHO
26%
Miles Bridges SF CHO
26%
Kent Bazemore SG ATL
25%
Trey Burke PG NYK
25%
Alec Burks SG CLE
23%
Malik Beasley SG DEN
19%
Michael Beasley PF LAL
19%
Ron Baker SG WAS
19%
Davis Bertans PF SAS
14%
Marco Belinelli SG SAS
14%
Corey Brewer SG PHI
12%
Dragan Bender PF PHO
12%
Dwayne Bacon SG CHO
12%
Isaac Bonga PG LAL
11%
Jerryd Bayless PG MIN
11%
Deonte Burton SG OKC
9%
Nemanja Bjelica PF SAC
9%
Jonah Bolden PF PHI
7%
Reggie Bullock SG DET
7%
Chris Boucher PF TOR
5%
DeAndre' Bembry SG ATL
5%
Keita Bates-Diop SF MIN
5%
Khem Birch C ORL
5%
Wade Baldwin PG POR
5%
Jabari Bird SG SAC
4%
Antonio Blakeney SG CHI
2%
Isaiah Briscoe PG ORL
2%
Jaron Blossomgame SF CLE
0%
Ryan Broekhoff SG DAL
0%
No matching quizzes found
Score Distribution
Percent of People with Each Score
Percentile by Number Answered
Your Score History
You have not taken this quiz